'R' in Geography Quiz Stats

 Plays Quiz Updated Jul 13, 2017

Also try: 'H' in Geography
Challenge
Share
Tweet
Score 0/16 Timer 05:00
3 Plays Today
Question Answer % Correct
Can you name the 'Mount' landmark in the images above?Rushmore
95.9%
What South American city is overlooked by the 'Christ the Redeemer' monument?Rio de Janeiro
88.2%
Which North American mountain range stretches from northern British Columbia to New Mexico?Rocky Mountains
87.9%
What currency is used in India, Pakistan, Nepal and other countries in Southeast Asia?Rupee
87.6%
Can you name the body of water in the images above?Red Sea
86.6%
What is the name given to the central square of Moscow?Red Square
84.9%
Which major European river begins in Switzerland, emptying into the North Sea in the Netherlands?Rhine
83.8%
Which river flows from Colorado to the Gulf of Mexico and forms part of the US-Mexico border?Rio Grande
79.7%
Question Answer % Correct
Can you name the country whose flag is in the images above?Rwanda
79.5%
What is the Netherlands' second largest city and the largest port in Europe?Rotterdam
78.5%
Which capital city is the world's northernmost?Reykjavik
77.5%
Which city is the capital of the US state Virginia?Richmond
76%
What was Zimbabwe previously known as?Rhodesia
74.8%
Can you name the country whose outline is in the images above?Romania
73.4%
What is the currency of South Africa?Rand
56%
What is the capital of the Canadian province of Saskatchewan?Regina
46.8%

You're not logged in!

Compare scores with friends on all Sporcle quizzes.
OR
Log In

You Might Also Like...

Show Comments

Extras

Top Quizzes Today


Score Distribution

Your Account Isn't Verified!

In order to create a playlist on Sporcle, you need to verify the email address you used during registration. Go to your Sporcle Settings to finish the process.

Report this User

Report this user for behavior that violates our Community Guidelines.

Details: